[Event "Bayern-chI Bank Hofmann 6th"]
[Site "Bad Wiessee"]
[Date "2002.10.31"]
[Round "6"]
[White "Renner, Gabriele"]
[Black "Lahtela, Silvio"]
[Result "0-1"]
[WhiteElo "2085"]
[BlackElo "2240"]
[PlyCount "66"]
[EventDate "2002.10.26"]
[EventType "swiss"]
[EventRounds "9"]
[EventCountry "GER"]
[SourceTitle "EXT 2003"]
[Source "ChessBase"]
[SourceDate "2002.11.25"]
[SourceVersion "1"]
[SourceVersionDate "2002.11.25"]
[SourceQuality "1"]

1. e4 e5 2. Nf3 Nc6 3. d4 exd4 4. Bc4 Nf6 5. 0-0 Nxe4 6. Re1 d5 7. Bxd5 Qxd5 8. Nc3 Qh5 9. Nxe4 Be6 10. Neg5 0-0-0 11. Nxe6 fxe6 12. Rxe6 Bd6 13. Qe2 Rde8 14. h3 Qf7 15. Rxe8+ Rxe8 16. Qb5 Ne5 17. Nxe5 Rxe5 18. Qf1 Bb4 19. c3 dxc3 20. Be3 cxb2 21. Rd1 Rxe3 22. fxe3 Qxf1+ 23. Kxf1 Bd2 24. Rb1 Bc1 25. Ke2 Kd7 26. Kd3 Ke6 27. Ke4 c5 28. a4 b6 29. g3 a6 30. h4 b5 31. axb5 axb5 32. g4 b4 33. h5 c4 0-1

[Event "Passau op 8th"]
[Site "Passau"]
[Date "2000.04.22"]
[Round "4"]
[White "Stein, Matthias"]
[Black "Renner, Gabriele"]
[Result "1-0"]
[WhiteElo "2141"]
[BlackElo "1866"]
[PlyCount "67"]
[EventDate "2000.04.21"]
[EventType "swiss"]
[EventRounds "7"]
[EventCountry "GER"]
[SourceTitle "CBM 076 Extra"]
[Source "ChessBase"]
[SourceDate "2000.07.11"]
[SourceVersion "1"]
[SourceVersionDate "2000.07.11"]
[SourceQuality "1"]

1. e4 c6 2. d4 d5 3. e5 Bf5 4. h4 h6 5. g4 Be4 6. f3 Bh7 7. Bd3 Bxd3 8. Qxd3 e6 9. h5 Qa5+ 10. c3 Qa6 11. Qxa6 Nxa6 12. Be3 c5 13. dxc5 Bxc5 14. Ke2 Ne7 15. f4 Rc8 16. Nd2 Bxe3 17. Kxe3 Nc5 18. Ngf3 Nc6 19. Rhc1 Ke7 20. Nd4 a6 21. Nxc6+ Rxc6 22. c4 Rd8 23. cxd5 exd5 24. Nf3 Rdc8 25. Nd4 R6c7 26. Nf5+ Kd7 27. Nxg7 Rg8 28. Nf5 Rxg4 29. Nxh6 Rg3+ 30. Ke2 Rg2+ 31. Kf3 Rxb2 32. Nxf7 Rd2 33. h6 Rh2 34. Rh1 1-0

[Event "Passau op 8th"]
[Site "Passau"]
[Date "2000.04.21"]
[Round "1"]
[White "Renner, Gabriele"]
[Black "Stumpf, Heinz"]
[Result "0-1"]
[WhiteElo "1866"]
[BlackElo "2285"]
[PlyCount "54"]
[EventDate "2000.04.21"]
[EventType "swiss"]
[EventRounds "7"]
[EventCountry "GER"]
[SourceTitle "CBM 076 Extra"]
[Source "ChessBase"]
[SourceDate "2000.07.11"]
[SourceVersion "1"]
[SourceVersionDate "2000.07.11"]
[SourceQuality "1"]

1. e4 d5 2. exd5 Qxd5 3. Nc3 Qa5 4. Bc4 c6 5. Nge2 Bf5 6. Ng3 Bg6 7. 0-0 Nd7 8. d4 e6 9. Qe2 0-0-0 10. Be3 Ngf6 11. a3 Qc7 12. b4 h5 13. b5 c5 14. b6 axb6 15. Nb5 Qb8 16. Rfd1 h4 17. Nf1 cxd4 18. Bxd4 Bc5 19. c3 e5 20. Be3 Bh5 21. f3 e4 22. Nd2 Qe5 23. Nxe4 Nxe4 24. Rd5 Nxc3 25. Rxc5+ Nxc5 26. Nxc3 Rhe8 27. Re1 Qxc3 0-1